Movies Quiz

Random Movies or Clickable Quiz
Score 0/20 Timer 08:00
2 Plays Today
% Correct
Bad Grandpa
96.1%
Dirty Dancing
95.2%
Hulk
94.1%
Aladdin
94.1%
The Fast and the Furious
93.6%
My Big Fat Greek Wedding
93.5%
Pirates of the Caribbean: The Curse of the Black Pearl
92.2%
Gravity
90.7%
2001: A Space Odyssey
89.4%
Tusk
89.1%
% Correct
American Psycho
88.5%
The Lord of the Rings: The Fellowship of the Ring
86.2%
The Fifth Element
84.9%
Accepted
82.8%
Hercules
82.4%
Spider-Man
70.1%
Her
69.7%
James and the Giant Peach
65.6%
The Incredibles
64.5%
Equilibrium
52.9%
Remove Ads.
Support Sporcle.
Get the best of Sporcle when you Go Orange. This ad-free experience offers more features, more stats, and more fun while also helping to support Sporcle. Thank you for becoming a member.

You're not logged in!

Compare scores with friends on all Sporcle quizzes.
OR
Log In

Show Comments

Extras

Top Quizzes Today


Score Distribution

Your Account Isn't Verified!

In order to create a playlist on Sporcle, you need to verify the email address you used during registration. Go to your Sporcle Settings to finish the process.

Report this User

Report this user for behavior that violates our Community Guidelines.

Details: